000 00264nam a22001217a 4500
008 180607b xxu||||| |||| 00| 0 eng d
041 _aeng
080 _a043.3
100 _a0
101 _aARK-BA
245 _aTeoria e Arkitektures
_cHyseni, R
942 _2udc
_cBK
999 _c46576
_d46576